Critique du jugement

Salvato in:
Dettagli Bibliografici
Natura: Libro
Lingua:francese
Pubblicazione: París J. Vrin 1960
Edizione:4a. ed
Serie:Bibliothèque des Textes Philosophiques
Soggetti:
Tags: Aggiungi Tag
Nessun Tag, puoi essere il primo ad aggiungerne!!

MARC

LEADER 00000nam a2200000 a 4500
001 UCZ3025
003 CL-VaPUC
005 20210515001802.0
008 951013e19600000FR |||||||||||||||||fre|d
999 |c 239555  |d 239553 
040 |c Pontificia Universidad Católica de Valparaíso 
082 0 4 |a 142.3  |b KAN  |2 21 
245 1 0 |a Critique du jugement 
250 |a 4a. ed 
260 |a París  |b J. Vrin  |c 1960 
300 |a 279 p 
490 0 |a Bibliothèque des Textes Philosophiques 
583 |a last modification  |c 19951013 00:00:00  |k Rodrigo Vera 
650 0 |a Metafísica  |9 265649 
650 0 |a Filosofía alemana   |9 265002 
650 0 |a Teoría del conocimiento   |9 255038 
650 0 |a Filosofía de las ciencias  |9 256466 
650 0 |a Ciencia  |9 255691 
852 |a BIBCUR 
942 |c BK  |2 ddc 
945 |d 19951013 00:00:00  |a cmena 
952 |0 0  |1 0  |4 0  |6 142_300000000000000_KAN_1960  |7 0  |8 P  |9 250791  |a BIBEDU  |b BIBEDU  |c BIBEDU_PB  |d 2019-11-18  |i 1583026  |o 142.3 KAN 1960  |p 1583026  |r 2024-01-25  |w 2019-11-18  |y BK  |k FIL